| 000 | 00351 a2200157 4500 | ||
|---|---|---|---|
| 001 | 72076 | ||
| 020 | _a | ||
| 040 | _cAnchieta - Colégio São Paulo | ||
| 100 | _aRocha, Kátia | ||
| 240 | 1 | 0 |
_aA poesia das coisas _lpor |
| 245 | 1 | 0 | _aA poesia das coisas |
| 300 | _a[42p.] | ||
| 362 | 0 | _a2001 | |
| 650 | 4 | _aLiteratura infanto-juvenil | |
| 942 | _cBK | ||
| 999 |
_c72076 _d72076 |
||